[Event "XXX Nezhmetdinov Mem"]
[Site "Kazan RUS"]
[Date "2008.06.06"]
[Round "6"]
[White "Shurunov,A"]
[Black "Sokolov,Sergei"]
[Result "0-1"]
[WhiteElo "2130"]
[BlackElo "2362"]

1.e4 c5 2.Nf3 d6 3.d4 Nf6 4.Nc3 cxd4 5.Nxd4 Nc6 6.Bg5 Bd7 7.Qd2 Rc8 8.O-O-O Nxd4
9.Qxd4 Qa5 10.Bd2 Qc5 11.Qxc5 dxc5 12.f3 e6 13.Bc4 a6 14.a4 Bc6 15.Bg5 Be7
16.Rhe1 O-O 17.f4 h6 18.Bh4 Rfd8 19.f5 exf5 20.exf5 Rxd1+ 21.Nxd1 Kf8 22.Ne3 Bxa4
23.Ng4 Bc6 24.Ne5 Be8 25.c3 b5 26.Be2 Nd5 27.Bxe7+ Nxe7 28.g4 Nc6 29.Nd3 c4
30.Nf4 Na5 31.h4 Nb3+ 32.Kb1 Bc6 33.Bd1 Re8 34.Rg1 Re4 35.Bxb3 Rxf4 36.Bc2 a5
37.Kc1 b4 38.cxb4 axb4 39.Bd1 Ke7 40.Re1+ Kd6 41.Re3 Re4 42.Rh3 Ke5 43.Kd2 Kd4
44.Be2 Rf4 45.Rg3 Rf2 46.Ke1 Rg2 47.Rh3 Rg1+ 48.Kd2 Rh1 49.Re3 Rh2 50.Re7 Bf3
51.Rd7+ Ke4 52.Re7+ Kf4  0-1

[Event "XVI Lasker Mem Open A"]
[Site "Barlinek POL"]
[Date "2008.06.07"]
[Round "8"]
[White "Dragun,K"]
[Black "Wisniowska,K"]
[Result "0-1"]
[WhiteElo "2229"]
[BlackElo "1897"]

1.e4 c5 2.Nf3 Nc6 3.d4 cxd4 4.Nxd4 Nf6 5.Nc3 d6 6.Bg5 e6 7.Qd2 a6 8.O-O-O Bd7
9.f4 h6 10.Bxf6 Qxf6 11.Nf3 Qd8 12.Bd3 Qc7 13.g4 O-O-O 14.h4 g6 15.h5 Bg7
16.a3 Nd4 17.Nxd4 Bxd4 18.Ne2 Bg7 19.Qe3 Kb8 20.Kb1 Rc8 21.Rhe1 Rhd8 22.Ng1 Ba4
23.Re2 d5 24.e5 d4 25.Qd2 Bf8 26.hxg6 Qb6 27.Ka2 Bc6 28.Bc4 Ba4 29.Bb3 Bxb3+
30.cxb3 d3 31.Re4 Rc2 32.Qe1 d2 33.Qe2 Qc5 34.Kb1 Rc1+ 35.Ka2 Rxd1 36.Qxd1 Qc1  0-1

[Event "XXX Nezhmetdinov Mem"]
[Site "Kazan RUS"]
[Date "2008.06.07"]
[Round "7"]
[White "Solodovnichenko,Y"]
[Black "Akhmadeev,Vad"]
[Result "0-1"]
[WhiteElo "2538"]
[BlackElo "2397"]

1.e4 c5 2.Nf3 d6 3.d4 cxd4 4.Nxd4 Nf6 5.Nc3 Nc6 6.Bg5 e6 7.Qd2 a6 8.O-O-O Bd7
9.f3 Rc8 10.Nxc6 Bxc6 11.Kb1 b5 12.Ne2 h6 13.Be3 Be7 14.Nd4 Bb7 15.Bd3 Nd7
16.Rhe1 d5 17.exd5 Bxd5 18.f4 Nf6 19.Bg1 Qc7 20.h3 h5 21.f5 e5 22.Bh2 Nd7
23.Nf3 Bxf3 24.gxf3 Bf6 25.f4 O-O 26.fxe5 Nxe5 27.Rxe5 Bxe5 28.f6 Qc5 29.Bxe5 Qxe5
30.fxg7 Qxg7 31.Qf2 Kh8 32.Rg1 Qh6 33.Qd4+ f6 34.Rg6 Qd2 35.a4 Rxc2 36.Rh6+ Qxh6
37.Bxc2 bxa4 38.Qxa4 f5 39.Qd4+ Qf6 40.Qd1 h4 41.Qf3 Rb8 42.b3 Rf8 43.Qf4 Re8
44.Ka2 Re5 45.b4 Kg7 46.Qf3 Rb5 47.Qg2+ Kh7 48.Qd2 Kh8 49.Ba4 Re5 50.Bb3 f4  0-1

[Event "8th TCh-Euro U18 Girls"]
[Site "Szeged HUN"]
[Date "2008.06.14"]
[Round "1"]
[White "Papp,P"]
[Black "Ignacz,M"]
[Result "0-1"]
[WhiteElo "2067"]
[BlackElo "2173"]

1.e4 c5 2.Nf3 d6 3.d4 cxd4 4.Nxd4 Nf6 5.Nc3 Nc6 6.Bg5 e6 7.Qd2 a6 8.O-O-O Be7
9.f4 Nxd4 10.Qxd4 b5 11.Bxf6 gxf6 12.Kb1 Bb7 13.Be2 Rc8 14.Rhe1 Qc7 15.Bf3 Qc5
16.Qd2 Bc6 17.Ne2 b4 18.Nd4 Bd7 19.Nb3 Qb6 20.Rf1 a5 21.e5 d5 22.exf6 Bxf6
23.f5 O-O 24.Bh5 Kh8 25.Rf3 Qc7 26.Rh3 exf5 27.Be2 Qe5 28.Nd4 Rg8 29.Re3 Qc7
30.Rh3 Rg7 31.Nf3 Rxg2 32.Ne1 Qe5 33.c3 Bg5 34.Nf3 Bxd2 35.Nxe5 Rxe2 36.Nxd7 bxc3
37.bxc3 Bxc3 38.Rxd5 Rb2+ 39.Kc1 Be5+ 40.Nc5 Bg7 41.Rxf5 Rb5 42.Rhh5 Bd4
43.Rxf7 Rbxc5+ 44.Rxc5 Rxc5+ 45.Kd2 Kg8 46.Re7 Bc3+ 47.Kd3 Bb4 48.Re2 Rd5+
49.Kc4 Rd2 50.Re3 Rxa2 51.Rg3+ Kh8 52.h3 Ra3 53.Rg4 Rxh3 54.Kd5 Re3 55.Kc4 h6  0-1

[Event "FSGM June"]
[Site "Budapest HUN"]
[Date "2008.06.16"]
[Round "10"]
[White "Fogarasi,T"]
[Black "Bluvshtein,M"]
[Result "1/2-1/2"]
[WhiteElo "2426"]
[BlackElo "2544"]

1.e4 c5 2.Nf3 d6 3.d4 cxd4 4.Nxd4 Nf6 5.Nc3 Nc6 6.Bg5 e6 7.Qd2 a6 8.O-O-O Bd7
9.f3 b5 10.Nxc6 Bxc6 11.Ne2 Be7 12.h4 Rc8 13.Nd4 Bb7 14.Qe1 Qc7 15.Bd3 h6
16.Bd2 Nd7 17.Ba5 Qb8 18.Kb1 Bf6 19.Ne2 Ne5 20.Nf4 g6 21.h5 g5 22.Ne2 Nc4
23.Bc3 Be5 24.Bxc4 Rxc4 25.Bxe5 dxe5 26.b3 Rc5 27.Qa5 Qc7 28.Qxc7 Rxc7 29.Rd6 Ke7
30.Rhd1 g4 31.R6d2 Rg8 32.Nc1 gxf3 33.gxf3 Rg3 34.Nd3 Kf6 35.Rf1 a5 36.a3 Rh3
37.b4 axb4 38.axb4 Rd7 39.Rg2 Rd8 40.Nc5 Bc6 41.f4 Rxh5 42.fxe5+ Ke7 43.Rg7 Rf8
44.Nxe6 Kxe6 45.Rf6+ Kxe5 46.Rxc6 Kxe4 47.Rf6 Rh4 48.Rgxf7 Rxf7 49.Rxf7 Kd5
50.c3 Kc4 51.Kb2 Rh2+ 52.Ka3 Kxc3 53.Rc7+ Kd4 54.Rc5 Rh3+ 55.Kb2 h5 56.Rxb5 Kc4
57.Rb8 h4 58.b5 Rh2+ 59.Ka3 h3 60.b6 Kc5 61.Kb3 Kc6 62.Kc3 Rh1 63.Kb2 Kb5
64.Ka2 Kc5 65.Kb2 Kc6 66.Ka2 Rh2+ 67.Kb3 Rg2 68.Rh8 Rg3+ 69.Kc4 Kxb6 70.Kd4 Kc6
71.Ke4 Kd6 72.Kf4 Ra3 73.Kg4 Ke6 74.Rxh3 Rxh3 75.Kxh3  1/2-1/2

[Event "8th TCh-Euro U18 Girls"]
[Site "Szeged HUN"]
[Date "2008.06.17"]
[Round "4"]
[White "Kulon,K"]
[Black "Ignacz,M"]
[Result "1-0"]
[WhiteElo "2194"]
[BlackElo "2173"]

1.e4 c5 2.Nf3 d6 3.d4 cxd4 4.Nxd4 Nf6 5.Nc3 Nc6 6.Bg5 e6 7.Qd2 a6 8.O-O-O Be7
9.f4 Nxd4 10.Qxd4 b5 11.Be2 Bb7 12.Bf3 Qc7 13.Kb1 Rc8 14.e5 dxe5 15.fxe5 Bc5
16.Qh4 Nd7 17.Bxb7 Qxb7 18.Ne4 Qc6 19.Rhf1 Nxe5 20.Qf4 Qc7 21.c3 O-O 22.Nf6+ Kh8
23.Qh4 h6 24.Bxh6 Ng6 25.Bxg7+  1-0

[Event "Serbia Cup"]
[Site "Zlatibor SRB"]
[Date "2008.06.18"]
[Round "3"]
[White "Solak,D"]
[Black "Vuckovic,Bo"]
[Result "1/2-1/2"]
[WhiteElo "2630"]
[BlackElo "2556"]

1.e4 c5 2.Nf3 d6 3.d4 cxd4 4.Nxd4 Nf6 5.Nc3 Nc6 6.Bg5 e6 7.Qd2 a6 8.O-O-O Bd7
9.h4 b5 10.Bxf6 gxf6 11.Kb1 Qb6 12.Nce2  1/2-1/2

[Event "XXVI Balatoni Sakkfesztival IM"]
[Site "Balatonlelle HUN"]
[Date "2008.06.20"]
[Round "8"]
[White "Grover,S"]
[Black "Wittmann,W"]
[Result "1/2-1/2"]
[WhiteElo "2300"]
[BlackElo "2279"]

1.e4 c5 2.Nf3 Nc6 3.d4 cxd4 4.Nxd4 Nf6 5.Nc3 d6 6.Bg5 e6 7.Qd2 Be7 8.O-O-O Nxd4
9.Qxd4 O-O 10.f4 h6  1/2-1/2

[Event "8th TCh-Euro U18 Girls"]
[Site "Szeged HUN"]
[Date "2008.06.20"]
[Round "6"]
[White "Purgar,I"]
[Black "Ignacz,M"]
[Result "1-0"]
[WhiteElo "2065"]
[BlackElo "2173"]

1.e4 c5 2.Nf3 d6 3.d4 cxd4 4.Nxd4 Nf6 5.Nc3 Nc6 6.Bg5 e6 7.Qd2 a6 8.f4 Be7
9.O-O-O Nxd4 10.Qxd4 b5 11.Bxf6 gxf6 12.Be2 Bb7 13.Kb1 Rc8 14.f5 exf5 15.exf5 Bxg2
16.Rhe1 Rc5 17.Qg4 Bb7 18.Qg7 Rf8 19.Qxf6 Kd7 20.Qd4 Kc7 21.Qd3 Bf6 22.Ne4 Bxe4
23.Qxe4 Re8 24.Qb4 Kb6 25.Bf3 Rxe1 26.Qxe1 Qe7 27.b4 Rc4 28.Qf2+ Kc7 29.Qa7+ Kd8
30.Qb8+ Kd7 31.Qb7+ Rc7 32.Bc6+ Kd8 33.Qb8+ Rc8 34.Rxd6+  1-0

[Event "22th Open"]
[Site "Pula CRO"]
[Date "2008.06.22"]
[Round "2"]
[White "Froewis,G"]
[Black "Jankovic,A"]
[Result "0-1"]
[WhiteElo "2224"]
[BlackElo "2528"]

1.e4 c5 2.Nf3 Nc6 3.d4 cxd4 4.Nxd4 Nf6 5.Nc3 d6 6.Bg5 e6 7.Qd2 a6 8.O-O-O Bd7
9.f4 b5 10.Bxf6 gxf6 11.Kb1 Qb6 12.Nce2 h5 13.g3 Rc8 14.Bg2 Na5 15.b3 Nc6
16.c3 Be7 17.Rhf1 a5 18.Kb2 b4 19.c4 Nxd4 20.Nxd4 Qc5 21.Nf3 Bc6 22.Nd4 Bd7
23.Nf3 Rc7 24.Nd4 a4 25.Nc2 Rb7 26.Rfe1 Rb6 27.Qe2 Bf8 28.f5 Bh6 29.fxe6 fxe6
30.Bh3 Qe5+ 31.Nd4 axb3 32.axb3 Ke7 33.Qd3 Ra8 34.Ra1 Rba6 35.Rxa6 Rxa6 36.c5 Bb5
37.cxd6+ Kd8 38.Qd1 Rxd6  0-1

[Event "White Nights Open"]
[Site "St Petersburg RUS"]
[Date "2008.06.22"]
[Round "2"]
[White "Tukan,E"]
[Black "Senkevich,K"]
[Result "0-1"]
[WhiteElo "1952"]
[BlackElo "2136"]

1.e4 c5 2.Nf3 Nc6 3.d4 cxd4 4.Nxd4 Nf6 5.Nc3 d6 6.Bg5 Qa5 7.f4 Nxe4 8.Nb3 Qb4
9.Qf3 Nxg5 10.fxg5 Qh4+ 11.g3 Qxg5 12.h4 Qg4 13.Qxg4 Bxg4 14.Bb5 O-O-O 15.O-O f6
16.Rf4 Bd7 17.Bxc6 Bxc6 18.Rb4 e5 19.Na5 d5 20.Nxc6 bxc6 21.Ra4 Rd7  0-1

[Event "White Nights Open"]
[Site "St Petersburg RUS"]
[Date "2008.06.22"]
[Round "2"]
[White "Androsov,S"]
[Black "Klobukov,S"]
[Result "1-0"]
[WhiteElo "2097"]
[BlackElo "1971"]

1.e4 c5 2.Nf3 Nc6 3.d4 cxd4 4.Nxd4 Nf6 5.Nc3 d6 6.Bg5 Qa5 7.Bb5 Bd7 8.Nb3 Qc7
9.Bxf6 gxf6 10.Nd5 Qd8 11.Qh5 a6 12.Be2 e6 13.Ne3 Ne5 14.O-O-O Rc8 15.f4 Nc6
16.Kb1 b5 17.f5 e5 18.Nd5 Rb8 19.Qh4 Be7 20.Qh6 a5 21.Qg7 Rf8 22.g4 Nb4 23.Rhf1 Bc6
24.c3 Bxd5 25.exd5 Na6 26.c4 bxc4 27.Bxc4 Qb6 28.a4 Nc7 29.Qh6 Qb4 30.Rc1 Qxa4
31.Qe3 Qb4 32.Qa7 a4 33.Qxc7 axb3 34.Qc6+ Kd8 35.Rf3 Rb6 36.Rxb3 Qxb3 37.Bxb3 Rxc6
38.Rxc6 Kd7 39.Ba4 Rb8 40.Rb6+ Kc7 41.Rxb8 Kxb8 42.Be8 Kc7 43.b4 Bf8 44.Bxf7 Kb6
45.Be8 Bh6 46.Kc2 Bf4 47.h4 h6 48.Kd3 Bc1 49.Ke4 Bd2 50.Kf3 Bxb4 51.Ba4 Kc7
52.Bc2 Kb6 53.Bd3 Kc7 54.g5 hxg5 55.h5 Kb6 56.Kg4 Bd2 57.h6 Bb4 58.h7 Kc5
59.h8=Q Kxd5 60.Qxf6  1-0

[Event "22th Open"]
[Site "Pula CRO"]
[Date "2008.06.24"]
[Round "5"]
[White "Nikolov,Sas"]
[Black "Kokol,P"]
[Result "1-0"]
[WhiteElo "2407"]
[BlackElo "2253"]

1.e4 c5 2.Nf3 Nc6 3.d4 cxd4 4.Nxd4 Nf6 5.Nc3 d6 6.Bg5 e6 7.Qd2 a6 8.O-O-O Bd7
9.f3 h6 10.Be3 Be7 11.g4 Qc7 12.h4 Ne5 13.Qg2 g6 14.Kb1 b5 15.Bc1 Rc8 16.Nce2 Nc4
17.Ng3 e5 18.Nb3 Be6 19.Bd3 h5 20.g5 Nd7 21.f4 exf4 22.Bxf4 Nde5 23.Rhf1 a5
24.Bc1 Bf8 25.Nd4 Bg4 26.Be2 Bg7 27.b3 Qc5 28.Ngf5 gxf5 29.exf5 Bxf5 30.Nxf5 O-O
31.Bxh5 Na3+ 32.Bxa3 Qxa3 33.g6 f6 34.Qb7  1-0

[Event "White Nights Open"]
[Site "St Petersburg RUS"]
[Date "2008.06.24"]
[Round "4"]
[White "Tukan,E"]
[Black "Kushka,A"]
[Result "1-0"]
[WhiteElo "1952"]
[BlackElo "2102"]

1.e4 c5 2.Nf3 Nc6 3.d4 cxd4 4.Nxd4 Nf6 5.Nc3 d6 6.Bg5 e6 7.Qd2 Be7 8.O-O-O h6
9.Bxf6 Bxf6 10.Nxc6 bxc6 11.Qxd6 Qxd6 12.Rxd6 Bd7 13.Bc4 Be5 14.Rd3 Ke7 15.Rhd1 Rhd8
16.g3 g5 17.Na4 Be8 18.Nc5 Rab8 19.c3 Bd6 20.Nb3 f6 21.Nd4 Bd7 22.Bxe6 Be8
23.Bb3 Bd7 24.Be6 Be8 25.Bc4 Bd7 26.Re1 Kf8 27.Be6 c5 28.Nf5 Bxe6 29.Rxd6 Rxd6
30.Nxd6 Bxa2 31.e5 Rb6 32.Ne4 fxe5 33.Nxc5 Kg7 34.Rxe5 Bf7 35.b4 Rf6 36.Re2 a6
37.Kd2 Rd6+ 38.Ke1 Rc6 39.Re3 a5 40.Kd2 Rd6+ 41.Kc2 axb4 42.cxb4 Rd4 43.Nd3 Bg6
44.Kc3 Rd6 45.Nc5 Rd1 46.b5 Rb1 47.Nb3 Bf7 48.Kb4 Rd1 49.b6 Rd6 50.Kc5 Rd5+
51.Kc6  1-0

[Event "TCh-TUR"]
[Site "Kocaeli TUR"]
[Date "2008.06.25"]
[Round "3"]
[White "Atakisi,U"]
[Black "Arutinian,D"]
[Result "1/2-1/2"]
[WhiteElo "2365"]
[BlackElo "2593"]

1.e4 c5 2.Nf3 d6 3.d4 cxd4 4.Nxd4 Nf6 5.Nc3 Nc6 6.Bg5 e6 7.Qd2 Qb6 8.Bxf6 gxf6
9.Nb3 Bd7 10.O-O-O O-O-O 11.f4 Rg8 12.Kb1 Kb8 13.g3 Na5 14.f5 Nxb3 15.cxb3 Qa5
16.Qf4 Qe5 17.Qxe5 fxe5 18.fxe6 fxe6 19.Bc4 Be7 20.Rhf1 Rg7 21.Rf2 Rf8 22.Rxf8+ Bxf8
23.Rf1 Be7 24.Bb5 Bc6 25.Bc4 Bd7 26.Bb5 Bc8 27.Be8 a6 28.Kc2 b5 29.a3 Kc7
30.Rf7 Rxf7 31.Bxf7 Kd7 32.b4 Bb7 33.Kd3 Bg5 34.Bh5 Bd8 35.Bf3 Bb6 36.Ne2 Ke7
37.Bh5 Bf2 38.Bf3 Kf6 39.Bg4 Bc6 40.Bh5 Kg5 41.Bf3 Be8 42.h3 Bg6 43.Bg2 Bh5
44.Bh1 Kf6 45.Bg2 h6 46.Bh1 Kf7 47.Bg2 Kg7 48.Bh1 Bb6 49.Bg2 Bd8 50.Bh1 Bg5
51.b3 Bd8 52.Bg2 Bb6 53.Bh1 Bf2 54.Bg2 Kf6 55.Bh1 Ke7 56.Bg2 Kd7 57.Bh1 Kc6
58.Bg2 d5 59.Bh1 Kd6 60.Bg2 Bxe2+ 61.Kxe2 Bxg3 62.Kd3 Bf4 63.Kc2 d4 64.Bf1 Bg3
65.Be2 Be1 66.Bf1 Bc3 67.Be2 Kd7 68.Bf1 Kd6  1/2-1/2

[Event "White Nights Open"]
[Site "St Petersburg RUS"]
[Date "2008.06.25"]
[Round "5"]
[White "Yaksin,O"]
[Black "Bazeev,G"]
[Result "1-0"]
[WhiteElo "2273"]
[BlackElo "2134"]

1.e4 c5 2.Nf3 Nc6 3.d4 cxd4 4.Nxd4 Nf6 5.Nc3 d6 6.Bg5 e6 7.Qd2 a6 8.O-O-O Bd7
9.f4 b5 10.Nf3 b4 11.Bxf6 gxf6 12.Ne2 Qb6 13.f5 e5 14.Kb1 a5 15.Ng3 h5 16.Bc4 Qc5
17.Qd5 Qxd5 18.Bxd5 h4 19.Nf1 Rc8 20.Ne3 Ne7 21.Bc4 Bh6 22.Ng4 Bg7 23.Ba6 Rc6
24.Bb5 Rc5 25.Bxd7+ Kxd7 26.Rd3 d5 27.Rhd1 Kc8 28.Nf2 Bh6 29.Nxh4 Rc4 30.b3 Rd4
31.Nf3 dxe4 32.Rxd4 exd4 33.Nxe4 Nxf5 34.g4 Re8 35.Nxd4 Ne3 36.Nd6+ Kd7 37.Nxe8 Nxd1
38.Nxf6+ Kd8 39.Ne4 Be3 40.Nc6+ Kd7 41.Nxa5 Ke6 42.Nc4 Bf4 43.Nc5+ Kd5 44.Nd3 Bxh2
45.Kc1 Nc3 46.Nxb4+ Ke4 47.Nd3 f6 48.Nd2+ Kd5 49.a4 Bc7 50.Nb1 Ne4 51.c4+ Kd4
52.Kc2 Ng3 53.Nc3 Bb8 54.a5 Nf1 55.Nb5+ Ke4 56.Nc5+ Kf3 57.Nd7  1-0

[Event "TCh-TUR"]
[Site "Kocaeli TUR"]
[Date "2008.06.26"]
[Round "5"]
[White "Erdogdu,M"]
[Black "Husnullin,R"]
[Result "0-1"]
[WhiteElo "2434"]
[BlackElo "2245"]

1.e4 c5 2.Nf3 d6 3.d4 cxd4 4.Nxd4 Nf6 5.Nc3 Nc6 6.Bg5 e6 7.Qd2 a6 8.O-O-O h6
9.Be3 Be7 10.f3 Nxd4 11.Bxd4 b5 12.Kb1 Rb8 13.Ba7 Rb7 14.Be3 b4 15.Ne2 Bd7
16.g4 a5 17.h4 a4 18.Nd4 Qa8 19.Bd3 b3 20.g5 bxa2+ 21.Kxa2 Nh5 22.g6 O-O
23.gxf7+ Rxf7 24.Rhg1 Bf6 25.Ka1 Be5 26.Bc4 Nf4 27.Rg4 Qf8 28.c3 Kh8 29.h5 Rf6
30.Rh1 Bxd4 31.cxd4 e5 32.Rg3 Be6 33.d5 Bd7 34.Qa5 Qb8 35.Rh2 Be8 36.Rc2 Bb5
37.Bxb5 Rxb5 38.Qxa4 Nxh5 39.Rh3 Nf4 40.Rh1 Kh7 41.Rhc1 Rb3 42.Rc8 Rb5 43.R1c2 h5
44.Rh2 Rh6 45.Rc7 Rb3 46.Rc3 Rb7 47.Ka2 g5 48.Ka3 g4 49.Bf2 Ne2 50.Re3 g3
51.Rh1 Nd4 52.Bg1 Nc2+ 53.Ka2 Nxe3 54.Bxe3 g2 55.Rh2 Rg7 56.Bg1 h4 57.b4 h3
58.b5 Rf7 59.b6 Rxf3 60.b7 Rf8 61.Ba7 Kg6 62.Kb3 Kg5 63.Be3+ Kg4 64.Bxh6 Kg3
65.Kc2 Rf7  0-1

[Event "22th Open"]
[Site "Pula CRO"]
[Date "2008.06.26"]
[Round "7"]
[White "Hirneise,T"]
[Black "Kolesar,Mil"]
[Result "0-1"]
[WhiteElo "2382"]
[BlackElo "2230"]

1.e4 c5 2.Nf3 d6 3.d4 cxd4 4.Nxd4 Nf6 5.Nc3 Nc6 6.Bg5 e6 7.Qd2 a6 8.O-O-O Bd7
9.f3 Be7 10.h4 h6 11.Be3 h5 12.Kb1 Ne5 13.Bg5 b5 14.Nce2 Qb6 15.Ng3 b4 16.f4 Neg4
17.e5 dxe5 18.fxe5 Nxe5 19.Be2 Rd8 20.Bxf6 gxf6 21.Nxh5 Nc6 22.Nxc6 Bxc6
23.Qf4 f5 24.Qe5 Rh6 25.Qg7 Rg6 26.Qh8+ Bf8 27.Nf6+ Ke7 28.Ng8+ Ke8 29.Nf6+ Ke7
30.Rxd8 Qxd8 31.Rd1 Qc7 32.Ng8+ Ke8 33.Bf3 Bxf3 34.gxf3 Bg7 35.Nf6+ Ke7 36.Nd5+ exd5
37.Re1+ Kf6 38.Qa8 Qd6 39.h5 Rg2 40.h6 Bxh6 41.Qh8+ Kg6 42.Rh1 Qh2  0-1

[Event "IV Open"]
[Site "Sort ESP"]
[Date "2008.06.26"]
[Round "4"]
[White "Shyam,SM"]
[Black "Baklan,V"]
[Result "0-1"]
[WhiteElo "2307"]
[BlackElo "2647"]

1.e4 c5 2.Nf3 d6 3.d4 cxd4 4.Nxd4 Nf6 5.Nc3 Nc6 6.Bg5 e6 7.Qd2 Qb6 8.O-O-O Qxd4
9.Qxd4 Nxd4 10.Rxd4 a6 11.Be2 Bd7 12.Rhd1 Bc6 13.f3 Be7 14.R4d2 Rc8 15.Kb1 b5
16.a3 d5 17.e5 Nd7 18.Bxe7 Kxe7 19.f4 g5 20.g3 gxf4 21.gxf4 Rhg8 22.Bf3 Nc5
23.Ne2 Ne4 24.Bxe4 dxe4 25.Rd6 Rg2 26.Nd4 Bd5 27.f5 e3 28.f6+ Kf8 29.Kc1 Rxh2
30.Rd7 h5 31.c3 Kg8 32.Rg1+ Rg2 33.Rxg2+ Bxg2 34.Ne2 Bf3 35.Nf4 Bg4 36.Kc2 Rc4
37.Rd8+ Kh7 38.Ng2 e2 39.Rf8 Rc7 40.Kd2 Rd7+ 41.Ke3 h4 42.Kf2 h3 43.Ne1 Bh5  0-1

[Event "TCh-TUR"]
[Site "Kocaeli TUR"]
[Date "2008.06.27"]
[Round "7"]
[White "Reyhan,D"]
[Black "Savchenko,B"]
[Result "1/2-1/2"]
[WhiteElo "2248"]
[BlackElo "2569"]

1.e4 c5 2.Nf3 d6 3.d4 cxd4 4.Nxd4 Nf6 5.Nc3 Nc6 6.Bg5 e6 7.Qd2 a6 8.O-O-O h6
9.Nxc6 bxc6 10.Bf4 d5 11.Qe3 Be7 12.Be2 O-O 13.h4 Re8 14.e5 Nd7 15.Rh3 Bf8
16.Rg3 Qc7 17.Bd3 Rb8 18.Ne4 Rb4 19.c4 Qb6 20.Qxb6 Rxb6 21.Nf6+ Nxf6 22.exf6 g6
23.Be5 h5 24.Be2 Bc5 25.Bxh5 Bxf2 26.Rf3 gxh5 27.Rxf2 Kh7 28.g4 dxc4 29.gxh5 Rb5
30.Re2 Rg8 31.Rd6 Rc5 32.Bc3 Rd5 33.Rxc6 a5  1/2-1/2

[Event "International Open"]
[Site "Philadelphia USA"]
[Date "2008.06.27"]
[Round "3"]
[White "MacKinnon,K"]
[Black "Ramaswamy,A"]
[Result "1-0"]
[WhiteElo "2029"]
[BlackElo "2298"]

1.e4 c5 2.Nf3 Nc6 3.d4 cxd4 4.Nxd4 Nf6 5.Nc3 d6 6.Bg5 e6 7.Qd2 Be7 8.O-O-O a6
9.f4 Nxd4 10.Qxd4 b5 11.Bxf6 gxf6 12.f5 Qc7 13.Be2 Qc5 14.Qxc5 dxc5 15.fxe6 fxe6
16.Bh5+ Kf8 17.e5 f5 18.Bf3 Ra7 19.g4 Kg7 20.Rhg1 Kh6 21.gxf5 exf5 22.Nd5 Bg5+
23.Kb1 Be6 24.h4 Be7 25.Nxe7 Rxe7 26.Rd6 a5 27.Rg5 f4 28.Kc1 b4 29.Bd5 Rhe8
30.Bc6 f3 31.Bxf3 Rd7 32.Ra6 Rg7 33.Bd5 Rxg5 34.hxg5+ Kxg5 35.Rxe6 Rxe6 36.Bxe6 Kf4
37.Bg8 Kxe5 38.Bxh7 c4 39.c3 Kd5 40.Kd2 Kc5 41.a4  1-0

[Event "22th Open"]
[Site "Pula CRO"]
[Date "2008.06.27"]
[Round "8"]
[White "Sakelsek,T"]
[Black "Zierke,O"]
[Result "1/2-1/2"]
[WhiteElo "2408"]
[BlackElo "2313"]

1.e4 c5 2.Nf3 Nc6 3.d4 cxd4 4.Nxd4 Nf6 5.Nc3 d6 6.Bg5 e6 7.Qd2 Be7 8.O-O-O O-O
9.f3 a6 10.h4 Nxd4 11.Qxd4 b5 12.Kb1 Bb7 13.Bd3 Rc8 14.g4 Nd7 15.a3 Ne5 16.Be2 f6
17.Be3 Nc4 18.Bxc4 Rxc4 19.Qd3 Qc7 20.Bd4 b4 21.axb4 Rxb4 22.g5 f5 23.g6 h6
24.Na2 Rb5 25.Nc3 Rb4 26.Na2 Rb5 27.Nc3  1/2-1/2

[Event "TCh-TUR"]
[Site "Kocaeli TUR"]
[Date "2008.06.28"]
[Round "8"]
[White "Can,E"]
[Black "Olcayoz,A"]
[Result "1-0"]
[WhiteElo "2460"]
[BlackElo "2315"]

1.e4 c5 2.Nf3 d6 3.d4 cxd4 4.Nxd4 Nf6 5.Nc3 Nc6 6.Bg5 e6 7.Qd2 a6 8.O-O-O Bd7
9.f4 b5 10.Bxf6 gxf6 11.Kb1 Qb6 12.Nce2 Rc8 13.f5 e5 14.Nxc6 Bxc6 15.Ng3 Qc5
16.Nh5 Ke7 17.b4 Qd4 18.Qxd4 exd4 19.Rxd4 Bh6 20.Be2 Bb7 21.Rhd1 Rhd8 22.R1d3 Rc4
23.Bf3 Rd7 24.Kb2 Rdc7 25.c3 Rxd4 26.Rxd4 Be3 27.Rd3 Bg1 28.g3 h6 29.Kb3 Bc6
30.Rd1 Be3 31.Re1 Ba7 32.Nf4 Bb7 33.Nd3 Bc6 34.Nb2 Rc8 35.Re2 Kd7 36.Nd3 Re8
37.Nf4 Rc8 38.Nh5 Ke7 39.Kc2 Rc7 40.Kd3 Bb6 41.Re1 Bf2 42.Rf1 Bb6 43.Nf4 Rc8
44.Bd1 Rc7 45.Bb3 Kf8 46.Nh5 Ke7 47.Nf4 Kf8 48.Bd5 Bd7 49.Nh5 Ke7 50.Rf4 a5
51.a3 axb4 52.axb4 Ra7 53.Rh4 Bf2 54.Nf4 Ra1 55.Rxh6 Be1 56.Rh7 Be8 57.Bb3 Rc1
58.Nd5+ Kd8 59.Rh8 Rb1 60.Kc2  1-0

[Event "Sparkassen Open"]
[Site "Dortmund GER"]
[Date "2008.06.30"]
[Round "1"]
[White "Izrailev,A"]
[Black "Richter,Go"]
[Result "1-0"]
[WhiteElo "2309"]
[BlackElo "2073"]

1.e4 c5 2.Nf3 d6 3.d4 cxd4 4.Nxd4 Nf6 5.Nc3 Nc6 6.Bg5 e6 7.Qd2 a6 8.O-O-O Be7
9.Kb1 h6 10.Be3 Ng4 11.h3 Nxe3 12.Qxe3 Bd7 13.f4 Qc7 14.Be2 O-O-O 15.Nb3 Kb8
16.Bf3 Na5 17.Qd4 Rhg8 18.Rhe1 Nxb3 19.axb3 Rc8 20.Re2 Qc5 21.Qxc5 Rxc5 22.Red2 g5
23.fxg5 hxg5 24.Bh5 Rf8 25.Rf1 f5 26.exf5 Rcxf5 27.Rxf5 Rxf5 28.Bg4 Rf1+
29.Ka2 Kc8 30.Re2 e5 31.Bxd7+ Kxd7 32.Nd5 Bd8 33.c4 Kc6 34.b4 b5 35.b3 Rc1
36.Kb2 bxc4 37.Kxc1 Kxd5 38.Rd2+ Ke6 39.bxc4 Bb6 40.Ra2  1-0

[Event "Sparkassen Open"]
[Site "Dortmund GER"]
[Date "2008.07.05"]
[Round "8"]
[White "Richter,Go"]
[Black "Smolka,A"]
[Result "0-1"]
[WhiteElo "2073"]
[BlackElo "2102"]

1.Nf3 c5 2.e4 Nc6 3.d4 cxd4 4.Nxd4 Nf6 5.Nc3 d6 6.Bg5 e6 7.Qd2 a6 8.O-O-O Bd7
9.Nxc6 Bxc6 10.Bh4 Nxe4 11.Nxe4 Qxh4 12.Nxd6+ Bxd6 13.Qxd6 Rd8 14.Qxd8+ Qxd8
15.Rxd8+ Kxd8 16.Bd3 Ke7 17.f4 h6 18.Re1 g5 19.g3 Kf6 20.Kd2 gxf4 21.gxf4 Rg8
22.Ke3 Rg4 23.Rf1 Ke7 24.Rf2 Kd6 25.b4 Rg1 26.c4 h5 27.Bc2 Ra1 28.Bb3 h4
29.c5+ Ke7 30.Bc4 Re1+ 31.Kd4 Re4+ 32.Kd3 f5 33.a3 Kf6 34.Kc3 Re3+ 35.Kb2 e5
36.fxe5+ Kxe5 37.Bb3 f4  0-1

[Event "ch-NOR Elite"]
[Site "Tonsberg NOR"]
[Date "2008.07.08"]
[Round "4"]
[White "Kovachev,D"]
[Black "Fyllingen,R"]
[Result "1-0"]
[WhiteElo "2189"]
[BlackElo "2403"]

1.e4 c5 2.Nf3 d6 3.d4 cxd4 4.Nxd4 Nf6 5.Nc3 Nc6 6.Bg5 Bd7 7.Be2 Qa5 8.Bxf6 gxf6
9.O-O Rc8 10.Nb3 Qd8 11.f4 Rg8 12.Kh1 a6 13.Bh5 Rg7 14.Nd5 e6 15.Ne3 Be7
16.Qd2 Kf8 17.Nc4 Qc7 18.Rad1 Rd8 19.c3 Bc8 20.Qe2 Kg8 21.Ne3 Kh8 22.Rd2 Na5
23.Nd4 b5 24.f5 Nb7 25.Bg4 Nc5 26.Rdd1 e5 27.Nd5 Qb7 28.Nc2 Rdg8 29.Bf3 Bd8
30.Nce3 Qb8 31.Rd2 Bb7 32.Rfd1 Bxd5 33.Rxd5 Be7 34.Qf2 Rc8 35.Qh4 Qb6 36.R5d2 Qa7
37.Nd5 Bd8 38.Qh6 Nd7 39.a3 Qb7 40.h4 Qa7 41.g4 a5 42.Rg2 Rc5 43.g5 Rxd5
44.Rxd5 Qe3 45.Qh5 Bc7 46.g6 fxg6 47.fxg6 f5 48.Qxf5 Qe1+ 49.Kh2 Qxh4+ 50.Qh3 Qf4+
51.Kh1 Nf8 52.Rd1 Nxg6 53.Qf5 Qh4+ 54.Rh2 Qe7 55.Rg1 Nf8 56.Rxg7 Kxg7 57.Bh5 Bb6
58.Rg2+ Kh8 59.Qg4 Ng6 60.Bxg6 hxg6  1-0

[Event "60th ch-MNE Youth"]
[Site "Cetinje MNE"]
[Date "2008.07.09"]
[Round "3"]
[White "Zecevic,I"]
[Black "Pecurica,M"]
[Result "1/2-1/2"]
[WhiteElo "1853"]
[BlackElo "1942"]

1.e4 c5 2.Nf3 d6 3.d4 cxd4 4.Nxd4 Nf6 5.Nc3 Nc6 6.Bg5 e6 7.f4 h6 8.Bh4 Qb6
9.Ndb5 a6 10.Bf2 Qd8 11.Nd4 Be7 12.Be2 Qc7 13.a4 e5 14.fxe5 dxe5 15.Nb3 Bb4
16.Qd3 O-O 17.O-O Bxc3 18.bxc3 Rd8 19.Qe3 Bg4 20.Bh4 Bxe2 21.Qxe2 Rd6 22.Bxf6 Rxf6
23.Rxf6 gxf6 24.Qg4+ Kh7 25.Qf5+ Kg7 26.Rf1  1/2-1/2

[Event "19th Czech Oce Open"]
[Site "Pardubice CZE"]
[Date "2008.07.11"]
[Round "2"]
[White "Smirnov,P"]
[Black "Karasek,L"]
[Result "1-0"]
[WhiteElo "2592"]
[BlackElo "2250"]

1.e4 c5 2.Nf3 d6 3.d4 cxd4 4.Nxd4 Nf6 5.Nc3 Nc6 6.Bg5 e6 7.Qd2 a6 8.O-O-O h6
9.Nxc6 bxc6 10.Bf4 d5 11.Qe3 Be7 12.Be2 Bb7 13.Qg3 Kf8 14.Bc7 Qd7 15.Be5 Rg8
16.Qe3 Qd8 17.f4 Nd7 18.exd5 exd5 19.Kb1 Nxe5 20.fxe5 Bg5 21.Qd4 Be7 22.Rhf1 Bc8
23.Qf2 Qe8 24.Bf3 Be6 25.Ne2 g6 26.c4 Kg7 27.cxd5 cxd5 28.Bxd5 Bxd5 29.Rxd5 Rb8
30.Nc3 Ba3 31.Qf6+ Kh7 32.Qxf7+ Qxf7 33.Rxf7+ Rg7 34.Rxg7+ Kxg7 35.Rd2 Kf7
36.Nd5 Bc5 37.e6+ Kxe6 38.Nc7+ Kf6 39.Nxa6 Be3 40.Rd6+ Ke5 41.Rd3  1-0

[Event "FSIM July"]
[Site "Budapest HUN"]
[Date "2008.07.12"]
[Round "8"]
[White "Lengyel,B"]
[Black "Rapport,R"]
[Result "1-0"]
[WhiteElo "2286"]
[BlackElo "2275"]

1.e4 c5 2.Nf3 d6 3.d4 cxd4 4.Nxd4 Nf6 5.Nc3 Nc6 6.Bg5 e6 7.Bb5 Qb6 8.Be3 Qc7
9.O-O a6 10.Be2 Nxd4 11.Bxd4 Be7 12.Qd3 b5 13.a3 Bb7 14.Rad1 O-O 15.Qe3 Nd7
16.Qg3 Bf6 17.Bxf6 Nxf6 18.Qxd6 Qxd6 19.Rxd6 Nxe4 20.Nxe4 Bxe4 21.c4 bxc4
22.Bxc4 a5 23.f3 Bg6 24.Rfd1 Rab8 25.R1d2 Rfc8 26.b3 Kf8 27.a4 Re8 28.Kf2 Ra8
29.Rb6 Reb8 30.Rdd6 Ke7 31.Ke3 e5 32.Rxb8 Rxb8 33.Rd5 Bc2 34.Rxe5+ Kd6 35.Rb5 Rxb5
36.axb5 Kc5 37.Bxf7 Kxb5 38.Kd2 Bb1 39.Kc3 Kc5 40.Bc4 Bg6 41.Bd3 Bf7 42.Bxh7 g6
43.f4 Kd6 44.h4 Ke6 45.g4 Kf6 46.f5 g5 47.h5 Kg7 48.Bg6 Bd5 49.Be8 Bf3 50.Bd7 Kf8
51.h6 Kg8 52.f6 Bd5 53.Bf5 Kh8 54.h7 Bf7 55.Bc2 Bd5 56.Bg6  1-0

[Event "Heart of Finland"]
[Site "Jyvaskyla FIN"]
[Date "2008.07.13"]
[Round "3"]
[White "Kulaots,K"]
[Black "Kivipelto,KE"]
[Result "1-0"]
[WhiteElo "2531"]
[BlackElo "2174"]

1.e4 c5 2.Nf3 Nc6 3.d4 cxd4 4.Nxd4 Nf6 5.Nc3 d6 6.Bg5 g6 7.Bxf6 exf6 8.Bb5 Bd7
9.Bc4 Bg7 10.Ndb5 O-O 11.Qxd6 a6 12.Nc7 Rc8 13.N7d5 f5 14.O-O-O Be6 15.Qxd8 Rcxd8
16.Bb3 fxe4 17.Nxe4 Bd4 18.Ndf6+ Kg7 19.Bxe6 fxe6 20.Ng4 Rf4 21.f3 h5 22.Ngf2 Rd5
23.c3 Bb6 24.Kc2 g5 25.Rxd5 exd5 26.Nxg5 Ra4 27.Nd3 Rxa2 28.Re1 Kf6 29.f4 Ra4
30.Re6+ Kf5 31.Rd6 d4 32.Rd5+ Kg6 33.c4 Bc7 34.c5 Rc4+ 35.Kd1 Nb4 36.Nxb4 Rxb4
37.Ne6 Bb8 38.Kc2 Kf6 39.Nxd4  1-0